<?xml version="1.0" encoding="UTF-8"?>
<collection xmlns="http://www.loc.gov/MARC21/slim">
 <record>
  <leader>02457nam a2200217Ia 4500</leader>
  <controlfield tag="001">CTU_174497</controlfield>
  <controlfield tag="008">210402s9999    xx            000 0 und d</controlfield>
  <datafield tag="082" ind1=" " ind2=" ">
   <subfield code="a">327.597</subfield>
  </datafield>
  <datafield tag="082" ind1=" " ind2=" ">
   <subfield code="b">W927</subfield>
  </datafield>
  <datafield tag="110" ind1=" " ind2=" ">
   <subfield code="a">Ngân hàng Thế giới (WB)</subfield>
  </datafield>
  <datafield tag="245" ind1=" " ind2="0">
   <subfield code="a">Chiến lược hợp tác quốc gia với nước Cộng hoà Xã hội Chủ Nghĩa Việt Nam giai đoạn tài khoá 2012-2016 :</subfield>
  </datafield>
  <datafield tag="245" ind1=" " ind2="0">
   <subfield code="b">Hiệp hội phát triển quốc tế và ngân hàng quốc tế về tái thiết và phát triển và công ty tài chính quốc tế và cơ quan bảo lãnh đầu tư đa phương = Country partnership strategy for the socialist repubic of Vietnam for the period FY12 - FY16 : International development association international bank for reconstruction and development international finance corporation multilateral investment guarantee agency</subfield>
  </datafield>
  <datafield tag="245" ind1=" " ind2="0">
   <subfield code="c">Ngân hàng Thế giới (WB)</subfield>
  </datafield>
  <datafield tag="260" ind1=" " ind2=" ">
   <subfield code="a">Hà Nội</subfield>
  </datafield>
  <datafield tag="260" ind1=" " ind2=" ">
   <subfield code="b">Ngân hàng Thế giới (WB)</subfield>
  </datafield>
  <datafield tag="260" ind1=" " ind2=" ">
   <subfield code="c">2011</subfield>
  </datafield>
  <datafield tag="520" ind1=" " ind2=" ">
   <subfield code="a">Quyển sách này trình bày những thay đổi chủ yếu nhằm mục đích để làm sắc nét trọng tâm chiến lược trong chương trình của Ngân hàng, nâng cao hiệu quả hoạt động, và cung cấp kết quả phát triển nhanh hơn. Bao gồm ba rủi ro chính để thực hiện các chương trình CPS. Đó là: Sự suy giảm trong nền kinh tế toàn cầu; sự thay đổi của kinh tế vĩ mô, và rủi ro thực hiện được một phần giảm nhẹ bằng cách xây dựng năng lực cho quản lý tài chính công (PFM) và mua sắm, làm việc với Chính phủ về hiện đại hóa và đơn giản hóa khung pháp lý cho quản lý nguồn hỗ trợ phát triển chính thức (ODA), thực hiện quản trị dự án đáng tin cậy và các kế hoạch chống tham nhũng, và hỗ trợ kỹ thuật tăng cường năng lực của các tổ chức Chính phủ và các ngành nghề chịu trách nhiệm.</subfield>
  </datafield>
  <datafield tag="650" ind1=" " ind2=" ">
   <subfield code="a">Economic development,Phát triển kinh tế</subfield>
  </datafield>
  <datafield tag="650" ind1=" " ind2=" ">
   <subfield code="z">Vietnam,Việt Nam</subfield>
  </datafield>
  <datafield tag="904" ind1=" " ind2=" ">
   <subfield code="i">KTrang, Trọng Hiếu</subfield>
  </datafield>
  <datafield tag="980" ind1=" " ind2=" ">
   <subfield code="a">Trung tâm Học liệu Trường Đại học Cần Thơ</subfield>
  </datafield>
 </record>
</collection>
